[Event "Clichy intern op 0304"]
[Site "Clichy"]
[Date "2003.11.27"]
[Round "3"]
[White "Haendler, Ludovic"]
[Black "Attar, Rachid"]
[Result "1-0"]
[WhiteElo "1550"]
[BlackElo "1720"]
[PlyCount "65"]
[EventDate "2003.10.16"]
[EventType "swiss"]
[EventRounds "6"]
[EventCountry "FRA"]
[SourceTitle "EXT 2008"]
[Source "ChessBase"]
[SourceDate "2007.11.25"]
[SourceVersion "1"]
[SourceVersionDate "2007.11.25"]
[SourceQuality "1"]

1. e4 d6 2. d4 Nf6 3. Nd2 g6 4. Ngf3 Bg7 5. c3 0-0 6. Bc4 Nxe4 7. Bxf7+ Rxf7 8. Nxe4 h6 9. Be3 Bg4 10. Ned2 Qf8 11. h3 Bxf3 12. Nxf3 Nd7 13. Qe2 e5 14. 0-0-0 exd4 15. Nxd4 Qe7 16. Qc2 Ne5 17. Kb1 Qf6 18. f4 Nc4 19. Bc1 Re8 20. Rhe1 Rfe7 21. Rxe7 Rxe7 22. Qd3 Nb6 23. g4 c5 24. Nb5 a6 25. Na3 d5 26. Nc2 Qc6 27. f5 gxf5 28. gxf5 Qf6 29. Rg1 Kh7 30. Rg6 d4 31. Qf3 Qe5 32. Rxb6 Rf7 33. Nxd4 1-0

[Event "Clichy intern op 0304"]
[Site "Clichy"]
[Date "2003.10.16"]
[Round "1"]
[White "Haendler, Ludovic"]
[Black "Grynblat, Norbert"]
[Result "1/2-1/2"]
[WhiteElo "1550"]
[BlackElo "1450"]
[PlyCount "70"]
[EventDate "2003.10.16"]
[EventType "swiss"]
[EventRounds "6"]
[EventCountry "FRA"]
[SourceTitle "EXT 2008"]
[Source "ChessBase"]
[SourceDate "2007.11.25"]
[SourceVersion "1"]
[SourceVersionDate "2007.11.25"]
[SourceQuality "1"]

1. e4 c6 2. d4 d5 3. Bd3 dxe4 4. Bxe4 Nf6 5. Bf3 Bf5 6. c3 e6 7. Ne2 Be7 8. Nd2 Bg4 9. Ng3 Bxf3 10. Nxf3 Nbd7 11. 0-0 0-0 12. Be3 Nd5 13. Bd2 Qb6 14. c4 N5f6 15. Bc3 Rad8 16. Qc2 Rfe8 17. c5 Qa6 18. b4 b6 19. Ne5 Nxe5 20. dxe5 Nd5 21. Ne4 Qc4 22. Rfe1 bxc5 23. bxc5 Bxc5 24. Rac1 Be7 25. Ba5 Qxc2 26. Rxc2 Rc8 27. Rec1 c5 28. Nxc5 Bxc5 29. Rxc5 Rxc5 30. Rxc5 Rb8 31. g3 g6 32. h4 Rb1+ 33. Kg2 Ra1 34. Rc4 Rxa2 35. Kf3 h5 1/2-1/2